| 000 | 00987nam a22003737a 4500 | ||
|---|---|---|---|
| 005 | 20260306122950.0 | ||
| 008 | 210617b2020 xxu||||| |||| 00| 0 spa d | ||
| 020 | _a9786071740090 | ||
| 041 | _aESP | ||
| 082 | _a617.6 R456o2 | ||
| 100 |
_aRey Bosch, Rogelio _960469 |
||
| 100 | _aPlata Orozco, Manuel | ||
| 100 | _aVerdugo Díaz, Roberto de Jesús | ||
| 245 | _aOclusión Básica | ||
| 250 | _a2 edición | ||
| 260 | _aMéxico | ||
| 260 | _bTrillas | ||
| 260 | _c2020 | ||
| 300 | _a203 páginas | ||
| 300 | _bIlustraciones a blanco y negro | ||
| 490 | _aMecánica Dental | ||
| 650 | _aOCLUSIÓN | ||
| 650 | _aODONTOLOGÍA | ||
| 650 | _aPOSICIÓN MANDIBULAR | ||
| 650 | _aMOVIMIENTOS MANDIBULARES | ||
| 650 | _aARTICULADORES | ||
| 650 | _aIMAGENOLOGÍA | ||
| 650 | _aARTICULACIÓN TEMPOROMANDIBULAR | ||
| 650 | _aAJUSTE OCLUSAL | ||
| 650 | _aPERIODONCIA | ||
| 650 | _aFÉRULA MAXILAR OCLUSAL PLANA | ||
| 650 | _aENCERADO OCLUSAL | ||
| 942 |
_cBK _2ddc |
||
| 999 |
_c13040 _d13040 |
||